NFL 2010 Rushing Leaders - Statistics

General Stats
  • This quiz has been taken 31 times
  • The average score is 16 of 40
Answer Stats
Team Yards Player % Correct
MIN 1,298 Adrian Peterson
88%
TEN 1,364 Chris Johnson
88%
KAN 1,467 Jamaal Charles
79%
HOU 1,616 Arian Foster
75%
DAL 800 Felix Jones
71%
JAX 1,324 Maurice Jones-Drew
71%
KAN 896 Thomas Jones
71%
GNB 703 Brandon Jackson
67%
BUF 927 Fred Jackson
67%
BUF/SEA 737 Marshawn Lynch
67%
STL 1,241 Steven Jackson
67%
SFO 853 Frank Gore
63%
PHI 1,080 LeSean McCoy
58%
BAL 1,220 Ray Rice
54%
NYJ 914 LaDainian Tomlinson
46%
CHI 1,069 Matt Forte
46%
CAR 770 Jonathan Stewart
42%
TAM 1,007 LeGarrette Blount
42%
ATL 1,371 Michael Turner
42%
MIA 673 Ricky Williams
42%
NYG 1,235 Ahmad Bradshaw
38%
NYG 823 Brandon Jacobs
33%
PIT 1,273 Rashard Mendenhall
29%
SDG 678 Ryan Mathews
29%
OAK 1,157 Darren McFadden
21%
DEN 779 Knowshon Moreno
21%
OAK 655 Michael Bush
21%
CLE 1,177 Peyton Hillis
21%
MIA 734 Ronnie Brown
21%
NYJ 766 Shonn Greene
21%
NWE 1,008 BenJarvus Green-Ellis
13%
NOR 716 Chris Ivory
13%
NYJ/NWE 547 Danny Woodhead
13%
PHI 676 Michael Vick
13%
CIN 1,111 Cedric Benson
8%
DET 555 Jahvid Best
4%
SEA 523 Justin Forsett
0%
SDG 735 Mike Tolbert
0%
WAS 742 Ryan Torain
0%
ARI 736 Tim Hightower
0%
No matching quizzes found
Score Distribution
Percent of People with Each Score
Percentile by Number Answered
Your Score History
You have not taken this quiz